000 00800nam a2200265Ia 4500
003 OSt
005 20221005092157.0
006 a|||||r|||| 00| 0
007 ta
008 221004b |||||||| |||| 00| 0 eng d
020 _a9780415518147 (pbk)
_c2051.57
024 _a15178
037 _b1991, 14/08/2014, Success Book Service
_cTextual
040 _aCRL
_cCRL
_beng
041 _2eng
_aeng
082 _aR2:g, Q4
100 _aNeta Ram Ed.
_9438585
245 0 _aCurrent controversies in epistemology
260 _aNew York
_bRoutledge U.S.A
_c2014
300 _aviii, 153p.
_ccm.
490 _aCurrent cntroversies in philosophy
650 _aPHILOSOPHY
942 _hR2:g, Q4
_cTEXL
_2cc
999 _c998472
_d998472